Spanish farm houses and minor public buildings (Record no. 6650)

MARC details
000 -CABECERA
campo de control de longitud fija 00688nam a2200217 a 4500
001 - NÚMERO DE CONTROL
campo de control BRCA_6969
005 - FECHA Y HORA DE LA ÚLTIMA TRANSACCIÓN
campo de control 20190320205649.0
008 - DATOS DE LONGITUD FIJA--INFORMACIÓN GENERAL
campo de control de longitud fija 221111s1924----u--a######---#000-0#eng-#
041 ## - CÓDIGO DE LENGUA
Código de lengua del texto/banda sonora o título independiente eng
044 ## - CÓDIGO DEL PAÍS DE LA ENTIDAD EDITORA/PRODUCTORA
Código MARC del país u
050 #4 - SIGNATURA TOPOGRÁFICA DE LA BIBLIOTECA DEL CONGRESO
Número de clasificación NA1301
Número de documento/Ítem .S68 1924
245 10 - MENCIÓN DE TÍTULO
Título Spanish farm houses and minor public buildings
Mención de responsabilidad, etc. photographs and drawings by Winsor Soule ; with an introduction by Ralph Adams Cram.
260 ## - PUBLICACIÓN, DISTRIBUCIÓN, ETC.
Lugar de publicación, distribución, etc. Nueva York
Nombre del editor, distribuidor, etc. Architectural Book : P. Wenzel and M. Krakow
Fecha de publicación, distribución, etc. 1924
300 ## - DESCRIPCIÓN FÍSICA
Extensión iv, 98 h.
Otras características físicas il.
Dimensiones 28 cm.
500 ## - NOTA GENERAL
Nota general O202
650 14 - PUNTO DE ACCESO ADICIONAL DE MATERIA--TÉRMINO DE MATERIA
Término de materia o nombre geográfico como elemento de entrada Arquitectura
Subdivisión geográfica España
9 (RLIN) 2007
700 1# - PUNTO DE ACCESO ADICIONAL--NOMBRE DE PERSONA
Nombre de persona Soule, Winsor
Término indicativo de función/relación il.
9 (RLIN) 17359
700 1# - PUNTO DE ACCESO ADICIONAL--NOMBRE DE PERSONA
Nombre de persona Cram, Ralph Adams
9 (RLIN) 15021
902 ## - CATALOGADOR
Iniciales GFM
942 ## - ELEMENTOS DE PUNTO DE ACCESO ADICIONAL (KOHA)
Fuente del sistema de clasificación o colocación Library of Congress Classification
Tipo de ítem Koha Libros
Holdings
Estado de retiro Estado de pérdida Estado dañado No para préstamo Localización permanente Ubicación/localización actual Fecha de adquisición Número de inventario Total de préstamos Signatura topográfica completa Código de barras Fecha visto por última vez Precio válido a partir de Tipo de ítem Koha
El ejemplar forma parte de la colección y puede ser consultado según las políticas vigentes.       Biblioteca del Museo Franz Mayer (Rogerio Casas-Alatriste) Biblioteca del Museo Franz Mayer (Rogerio Casas-Alatriste) 22/11/2011 O202   NA1301 .S68 1924 (O202) 7416 22/03/2019 22/03/2019 Libros